[Event "Alcorcon Spring op-B 1st"]
[Site "Alcorcon"]
[Date "2019.04.07"]
[Round "3"]
[White "Mateos Cordero, Francisco"]
[Black "San Felipe Gonzalez, Tomas"]
[Result "0-1"]
[WhiteElo "1601"]
[BlackElo "1740"]
[PlyCount "48"]
[EventDate "2019.03.24"]
[EventType "swiss"]
[EventRounds "9"]
[EventCountry "ESP"]
[SourceTitle "EXT 2020"]
[Source "ChessBase"]
[SourceDate "2019.10.17"]
[SourceVersion "1"]
[SourceVersionDate "2019.10.17"]
[SourceQuality "1"]

1. d4 d5 2. c4 c6 3. Nc3 Nf6 4. e3 e6 5. Nf3 Bd6 6. cxd5 cxd5 7. Be2 0-0 8. 0-0 b6 9. Bd2 a6 10. a3 Nbd7 11. Rc1 Bb7 12. Na2 a5 13. Bb5 Qb8 14. Qa4 Rd8 15. h3 Nf8 16. Rc2 Ng6 17. Rfc1 e5 18. dxe5 Nxe5 19. Nd4 Ne4 20. Nb3 Nc5 21. Nxc5 Bxc5 22. Qh4 Qd6 23. Nc3 Qg6 24. Ne2 Nf3+ 0-1

[Event "Alcorcon Spring op-B 1st"]
[Site "Alcorcon"]
[Date "2019.03.31"]
[Round "2"]
[White "Roldan Criado, Angel"]
[Black "Mateos Cordero, Francisco"]
[Result "0-1"]
[WhiteElo "1357"]
[BlackElo "1601"]
[PlyCount "54"]
[EventDate "2019.03.24"]
[EventType "swiss"]
[EventRounds "9"]
[EventCountry "ESP"]
[SourceTitle "EXT 2020"]
[Source "ChessBase"]
[SourceDate "2019.10.17"]
[SourceVersion "1"]
[SourceVersionDate "2019.10.17"]
[SourceQuality "1"]

1. c4 c5 2. Nc3 e6 3. e4 Nc6 4. g3 a6 5. Bg2 d6 6. d3 Qc7 7. Nge2 Nge7 8. 0-0 Bd7 9. f4 g6 10. b3 Bg7 11. Bb2 Nd4 12. Rb1 Nec6 13. Kh1 0-0 14. Nxd4 cxd4 15. Ne2 Rae8 16. Ng1 f5 17. exf5 exf5 18. Nf3 Re7 19. Re1 Rxe1+ 20. Qxe1 Re8 21. Qf2 Qb6 22. Re1 Re3 23. Nxd4 Rxe1+ 24. Qxe1 Bxd4 25. Bxd4 Qxd4 26. Bd5+ Kg7 27. h4 Qxd3 0-1

[Event "Madrid San Viator op-B 30th"]
[Site "Madrid"]
[Date "2018.05.27"]
[Round "7"]
[White "Mateos Cordero, Francisco"]
[Black "Arce Escobedo, Julio"]
[Result "1-0"]
[WhiteElo "1579"]
[BlackElo "1670"]
[PlyCount "145"]
[EventDate "2018.04.08"]
[EventType "swiss"]
[EventRounds "9"]
[EventCountry "ESP"]
[SourceTitle "EXT 2019"]
[Source "ChessBase"]
[SourceDate "2018.10.10"]
[SourceVersion "1"]
[SourceVersionDate "2018.10.10"]
[SourceQuality "1"]

1. d4 d5 2. Nf3 Nf6 3. c4 e6 4. Nc3 Be7 5. e3 0-0 6. Be2 b6 7. cxd5 Nxd5 8. Nxd5 Qxd5 9. Nd2 Qd8 10. Bf3 c6 11. 0-0 Bb7 12. a3 Bd6 13. b4 Qh4 14. g3 Qe7 15. Nc4 Bc7 16. Bb2 a6 17. Nd2 Ra7 18. Bg2 c5 19. Bxb7 Rxb7 20. Qg4 cxb4 21. Qe4 Bd6 22. Nc4 Rd8 23. axb4 Bxb4 24. Ne5 f6 25. Nd3 f5 26. Qf3 Bd6 27. Rfd1 Rc7 28. Nf4 Bxf4 29. Qxf4 a5 30. d5 Rcd7 31. d6 Rxd6 32. Rxd6 Qxd6 33. Be5 Qf8 34. Bc7 Rc8 35. Bxb6 Nd7 36. Bxa5 Nf6 37. Qe5 Ng4 38. Qxe6+ Kh8 39. Bb4 Qd8 40. Qxf5 Nf6 41. Be7 Qd7 42. Qxd7 Nxd7 43. Rd1 Nf6 44. Bxf6 gxf6 45. Rd7 Kg8 46. Kg2 Rf8 47. Kf3 h6 48. Kf4 Ra8 49. e4 Ra2 50. f3 Rxh2 51. Kf5 Rh3 52. Kg4 Rh2 53. f4 Rg2 54. Kf5 Rxg3 55. Kxf6 h5 56. Rd5 Rg4 57. Rg5+ Kf8 58. Kf5 Rh4 59. Rg6 Rh1 60. Rh6 Kg7 61. Rg6+ Kh7 62. e5 h4 63. e6 Re1 64. Rg4 h3 65. Kf6 Rc1 66. e7 Rc6+ 67. Kf7 h2 68. Rg7+ Kh6 69. Rg8 Kh5 70. Rh8+ Rh6 71. Rxh6+ Kxh6 72. e8Q h1Q 73. Qh8# 1-0

[Event "Madrid San Viator op-B 29th"]
[Site "Madrid"]
[Date "2017.11.05"]
[Round "8"]
[White "Mateos Cordero, Francisco"]
[Black "Jimenez Perez, Federico"]
[Result "1-0"]
[WhiteElo "1618"]
[BlackElo "1381"]
[PlyCount "125"]
[EventDate "2017.09.17"]
[EventType "swiss"]
[EventRounds "9"]
[EventCountry "ESP"]
[SourceTitle "EXT 2019"]
[Source "ChessBase"]
[SourceDate "2018.10.10"]
[SourceVersion "1"]
[SourceVersionDate "2018.10.10"]
[SourceQuality "1"]

1. d4 Nf6 2. Nf3 g6 3. e3 Bg7 4. Nbd2 0-0 5. Bd3 d6 6. 0-0 Bg4 7. h3 Bd7 8. c3 Re8 9. Qc2 e5 10. e4 Nh5 11. dxe5 dxe5 12. Nb3 Qc8 13. Kh2 Nf4 14. Bxf4 exf4 15. Nbd4 Nc6 16. Rfe1 Ne5 17. Nxe5 Bxe5 18. Nf3 Kh8 19. Nxe5 Rxe5 20. f3 Qd8 21. Rh1 Qh4 22. Kg1 Rae8 23. Qf2 Qe7 24. Rd1 Rg5 25. Qd4+ Kg8 26. Bc4 Bc6 27. Qd2 Qf6 28. Qd4 Qe7 29. Qd2 Bb5 30. Bb3 Qc5+ 31. Qd4 Ree5 32. Qxc5 Rxc5 33. Kf2 Bc4 34. Rd8+ Kg7 35. Bxc4 Rxc4 36. Rhd1 b5 37. R1d5 Rxd5 38. Rxd5 b4 39. Rd4 Rxd4 40. cxd4 g5 41. g4 h6 42. Ke2 Kf6 43. Kd3 Ke6 44. Kc4 a5 45. Kb5 Kd6 46. Kxa5 c5 47. Kb5 cxd4 48. Kxb4 Kc6 49. Kc4 d3 50. Kxd3 Kb5 51. Kc3 Ka4 52. Kc4 Ka5 53. b4+ Ka4 54. b5 f5 55. exf5 h5 56. b6 hxg4 57. hxg4 Ka5 58. b7 Kb6 59. b8Q+ Kc6 60. Qe8+ Kb6 61. Qb5+ Ka7 62. Qc6 Kb8 63. Qd7 1-0

[Event "Madrid San Viator op-B 29th"]
[Site "Madrid"]
[Date "2017.10.08"]
[Round "4"]
[White "Mateos Cordero, Francisco"]
[Black "Baranco Gonzalez, Nicolas"]
[Result "1-0"]
[WhiteElo "1618"]
[BlackElo "1455"]
[PlyCount "87"]
[EventDate "2017.09.17"]
[EventType "swiss"]
[EventRounds "9"]
[EventCountry "ESP"]
[SourceTitle "EXT 2019"]
[Source "ChessBase"]
[SourceDate "2018.10.10"]
[SourceVersion "1"]
[SourceVersionDate "2018.10.10"]
[SourceQuality "1"]

1. d4 d5 2. Nf3 Nf6 3. g3 Bg4 4. Bg2 Bxf3 5. Bxf3 e6 6. Nd2 c5 7. c4 cxd4 8. cxd5 Nxd5 9. Qb3 Bb4 10. 0-0 Bxd2 11. Bxd2 Qd7 12. Bxd5 Qxd5 13. Qxd5 exd5 14. Bb4 Nc6 15. Ba3 0-0-0 16. Rfd1 Rhe8 17. Kf1 Re6 18. Rac1 Kb8 19. Bc5 Rde8 20. Rc2 g6 21. Bxd4 Nb4 22. Rcd2 Nxa2 23. Bc5 b6 24. Ba3 a5 25. e3 b5 26. Bc5 Nb4 27. Bxb4 axb4 28. Rxd5 Rb6 29. R1d4 Re7 30. Rxb4 Reb7 31. Rbd4 Kc7 32. Rd7+ Kc6 33. R4d6+ Kc5 34. Rd4 Rxd7 35. Rxd7 Rf6 36. Rd4 Ra6 37. b4+ Kc6 38. Kg2 Ra7 39. g4 Rd7 40. Rxd7 Kxd7 41. Kf3 Kd6 42. Ke4 f6 43. Kd4 g5 44. f3 1-0

[Event "Madrid San Viator op-B 28th"]
[Site "Madrid"]
[Date "2017.04.23"]
[Round "4"]
[White "Mateos Cordero, Francisco"]
[Black "Rodriguez Munoz, Jesus"]
[Result "1-0"]
[WhiteElo "1643"]
[BlackElo "1211"]
[PlyCount "100"]
[EventDate "2017.03.26"]
[EventType "swiss"]
[EventRounds "9"]
[EventCountry "ESP"]
[SourceTitle "EXT 2019"]
[Source "ChessBase"]
[SourceDate "2018.10.10"]
[SourceVersion "1"]
[SourceVersionDate "2018.10.10"]
[SourceQuality "1"]

1. d4 Nf6 2. Bf4 d5 3. Nf3 e6 4. e3 Nbd7 5. Be2 Bb4+ 6. c3 Be7 7. h3 Ne4 8. Nbd2 c5 9. Nxe4 dxe4 10. Nd2 Nf6 11. 0-0 h6 12. Bb5+ Bd7 13. Qa4 a6 14. Bxd7+ Qxd7 15. Qxd7+ Kxd7 16. Be5 Nh5 17. Nxe4 f5 18. Nxc5+ Bxc5 19. dxc5 Rhd8 20. Bd4 Kc6 21. Rfd1 Nf6 22. Kf1 Ne4 23. Bxg7 h5 24. Bd4 Nxc5 25. Bxc5 Kxc5 26. Ke2 a5 27. Rd4 Rxd4 28. cxd4+ Kd5 29. Rc1 b6 30. Kd3 Rg8 31. g3 h4 32. Rg1 e5 33. dxe5 Kxe5 34. f4+ Kf6 35. g4 fxg4 36. hxg4 h3 37. g5+ Kf5 38. Rh1 Rh8 39. Ke2 Kg4 40. Kf2 Rd8 41. Rg1+ Kh4 42. g6 Rd2+ 43. Kf3 h2 44. Rh1 Kh3 45. g7 Rd8 46. f5 Rg8 47. f6 b5 48. f7 Rxg7 49. f8Q Rg3+ 50. Ke4 Kg2 1-0

[Event "Madrid San Viator op-B 28th"]
[Site "Madrid"]
[Date "2017.03.26"]
[Round "1"]
[White "Mateos Cordero, Francisco"]
[Black "Di Pietro Moreno, Fatima"]
[Result "1-0"]
[WhiteElo "1643"]
[BlackElo "1394"]
[PlyCount "81"]
[EventDate "2017.03.26"]
[EventType "swiss"]
[EventRounds "9"]
[EventCountry "ESP"]
[SourceTitle "EXT 2019"]
[Source "ChessBase"]
[SourceDate "2018.10.10"]
[SourceVersion "1"]
[SourceVersionDate "2018.10.10"]
[SourceQuality "1"]

1. d4 d5 2. Bf4 Nf6 3. Nf3 e6 4. e3 c5 5. c3 Qb6 6. Qc2 Nc6 7. Nbd2 Be7 8. Be2 0-0 9. 0-0 cxd4 10. exd4 Nh5 11. Ng5 Nf6 12. Bd3 g6 13. Ngf3 Nd7 14. Rfe1 Re8 15. h3 Bf6 16. Nh2 e5 17. dxe5 Ndxe5 18. Ndf3 Bd7 19. Bh6 Nxd3 20. Qxd3 Ne7 21. Qd2 Rad8 22. Be3 Qc7 23. Bd4 Bxd4 24. Nxd4 Nf5 25. Nhf3 Qb6 26. b3 Rc8 27. Nxf5 Bxf5 28. Rxe8+ Rxe8 29. Qh6 f6 30. Qf4 Be4 31. Re1 Qc6 32. Re3 f5 33. Nd4 Qa6 34. f3 Qxa2 35. fxe4 Qb1+ 36. Kh2 dxe4 37. Qg3 Qa1 38. Nxf5 Qa5 39. Nd6 Re7 40. Nxe4 Qe5 41. Qxe5 1-0

[Event "Madrid San Viator op-B 27th"]
[Site "Madrid"]
[Date "2016.10.09"]
[Round "3"]
[White "Mateos Cordero, Francisco"]
[Black "Franco Rincon, David"]
[Result "1-0"]
[WhiteElo "1637"]
[BlackElo "1728"]
[PlyCount "63"]
[EventDate "2016.09.25"]
[EventType "swiss"]
[EventRounds "9"]
[EventCountry "ESP"]
[SourceTitle "EXT 2017"]
[Source "ChessBase"]
[SourceDate "2016.10.25"]
[SourceVersion "1"]
[SourceVersionDate "2016.10.25"]
[SourceQuality "1"]

1. d4 d5 2. c4 c6 3. Nc3 Nf6 4. e3 Bf5 5. Nf3 Nbd7 6. Bd3 Bg4 7. cxd5 cxd5 8. Qb3 Bxf3 9. gxf3 e6 10. Qxb7 Be7 11. Qb3 0-0 12. Bd2 Nb6 13. Ke2 Rb8 14. Qc2 Qc7 15. h4 Rfc8 16. Rag1 Nc4 17. Bc1 e5 18. Bf5 Re8 19. Nxd5 Nxd5 20. Bxh7+ Kf8 21. Qf5 Bf6 22. h5 Nd6 23. Qg4 Qc2+ 24. Bxc2 exd4 25. e4 d3+ 26. Bxd3 Bxb2 27. Bxb2 Rxb2+ 28. Kf1 Nf6 29. Qxg7+ Ke7 30. e5 Rg8 31. Qxf6+ Kf8 32. Qxd6+ 1-0

[Event "Madrid San Viator op-B 27th"]
[Site "Madrid"]
[Date "2016.10.02"]
[Round "2"]
[White "Baranco Gonzalez, Nicolas"]
[Black "Mateos Cordero, Francisco"]
[Result "0-1"]
[WhiteElo "1300"]
[BlackElo "1637"]
[PlyCount "86"]
[EventDate "2016.09.25"]
[EventType "swiss"]
[EventRounds "9"]
[EventCountry "ESP"]
[SourceTitle "EXT 2017"]
[Source "ChessBase"]
[SourceDate "2016.10.25"]
[SourceVersion "1"]
[SourceVersionDate "2016.10.25"]
[SourceQuality "1"]

1. e4 c5 2. Nf3 e6 3. Nc3 a6 4. h3 Nc6 5. b3 Be7 6. e5 Qc7 7. Bb2 Nxe5 8. Nxe5 Qxe5+ 9. Be2 Bf6 10. 0-0 Qc7 11. Re1 b5 12. Rb1 Bb7 13. Bf3 Ne7 14. Bxb7 Qxb7 15. Ne4 Qc6 16. Nxf6+ gxf6 17. Bxf6 Rg8 18. f3 Nd5 19. Be5 d6 20. Bh2 Ne7 21. d3 Nf5 22. Rf1 Ne3 23. Qd2 Rxg2+ 24. Qxg2 Nxg2 25. Kxg2 Ke7 26. c4 Rg8+ 27. Kh1 e5 28. Rbe1 Qd7 29. Rg1 Rxg1+ 30. Kxg1 Qxh3 31. f4 Qg4+ 32. Kh1 Qf3+ 33. Kg1 f6 34. cxb5 axb5 35. a4 Qxd3 36. a5 Qc3 37. Re2 Qxa5 38. fxe5 dxe5 39. Bg3 Qc3 40. Kf2 Qxb3 41. Bh4 Ke6 42. Re3 Qc4 43. Bg3 b4 0-1

[Event "Madrid San Viator op-B 26th"]
[Site "Madrid"]
[Date "2016.05.29"]
[Round "8"]
[White "Mateos Cordero, Francisco"]
[Black "Gutierrez Garcia, Alberto"]
[Result "1/2-1/2"]
[WhiteElo "1623"]
[BlackElo "1675"]
[PlyCount "107"]
[EventDate "2016.04.03"]
[EventType "swiss"]
[EventRounds "9"]
[EventCountry "ESP"]
[SourceTitle "EXT 2017"]
[Source "ChessBase"]
[SourceDate "2016.10.25"]
[SourceVersion "1"]
[SourceVersionDate "2016.10.25"]
[SourceQuality "1"]

1. d4 Nf6 2. c4 d6 3. Nc3 g6 4. Nf3 Bg7 5. e3 0-0 6. Be2 Bg4 7. 0-0 Nbd7 8. h3 Bxf3 9. Bxf3 c6 10. a4 a5 11. Qc2 Qc7 12. Bd2 e6 13. Rac1 Rfd8 14. d5 e5 15. e4 Nc5 16. Rfd1 Na6 17. Na2 c5 18. Bg5 h6 19. Be3 Nb4 20. Nxb4 axb4 21. b3 Qe7 22. Be2 g5 23. Qd2 Nxe4 24. Qc2 Nc3 25. Re1 Nxe2+ 26. Rxe2 Qd7 27. g4 Rf8 28. Rf1 f5 29. f3 fxg4 30. hxg4 Rae8 31. Qe4 Qf7 32. Rh2 Qf6 33. Rh5 Kf7 34. Kg2 Qg6 35. Rh3 Qxe4 36. fxe4+ Kg6 37. Rxf8 Rxf8 38. Rf3 h5 39. Rxf8 Bxf8 40. Kh3 Be7 41. Bf2 Kh6 42. Be3 Kg6 43. Bd2 Bd8 44. Be3 Ba5 45. Bf2 h4 46. Be3 Kf6 47. Bd2 Bd8 48. Be3 Kf7 49. Bd2 Ke8 50. Be3 Kd7 51. Bd2 Kc7 52. Be3 Kb6 53. Bd2 Ka5 54. Be3 1/2-1/2

[Event "Madrid San Viator op-B 25th"]
[Site "Madrid"]
[Date "2015.11.15"]
[Round "8"]
[White "Castro Uceda, Jose Antonio"]
[Black "Mateos Cordero, Francisco"]
[Result "1-0"]
[WhiteElo "1582"]
[BlackElo "1627"]
[PlyCount "69"]
[EventDate "2015.10.04"]
[EventType "swiss"]
[EventRounds "9"]
[EventCountry "ESP"]
[SourceTitle "EXT 2019"]
[Source "ChessBase"]
[SourceDate "2018.10.10"]
[SourceVersion "1"]
[SourceVersionDate "2018.10.10"]
[SourceQuality "1"]

1. e4 c5 2. Nf3 d6 3. d4 cxd4 4. Qxd4 Nc6 5. Bb5 Bd7 6. Bxc6 Bxc6 7. 0-0 Nf6 8. Nc3 a6 9. Nd5 Bxd5 10. exd5 g6 11. c4 Bg7 12. Rb1 0-0 13. Qh4 Qa5 14. a3 b5 15. b3 Rac8 16. Nd4 bxc4 17. Nc6 Qc7 18. bxc4 Rfe8 19. Re1 Qd7 20. Bg5 Qf5 21. Rb7 Rxc6 22. dxc6 e6 23. h3 e5 24. c7 h6 25. Bxf6 Bxf6 26. Qg3 Rc8 27. Qb3 Kg7 28. Qb6 e4 29. Rb8 Be5 30. Rxc8 Qf4 31. g3 Qf5 32. Re8 d5 33. c8Q Qf3 34. Rg8+ Kh7 35. Qg4 1-0

[Event "Madrid San Viator op-B 25th"]
[Site "Madrid"]
[Date "2015.11.08"]
[Round "7"]
[White "Mateos Cordero, Francisco"]
[Black "San Felipe Gonzalez, Tomas"]
[Result "0-1"]
[WhiteElo "1627"]
[BlackElo "1732"]
[PlyCount "84"]
[EventDate "2015.10.04"]
[EventType "swiss"]
[EventRounds "9"]
[EventCountry "ESP"]
[SourceTitle "EXT 2019"]
[Source "ChessBase"]
[SourceDate "2018.10.10"]
[SourceVersion "1"]
[SourceVersionDate "2018.10.10"]
[SourceQuality "1"]

1. d4 Nf6 2. c4 e6 3. Nf3 b6 4. Nc3 Bb4 5. Bd2 Bb7 6. e3 0-0 7. Be2 a5 8. 0-0 Na6 9. Ne1 d5 10. cxd5 Nxd5 11. Bf3 Nxc3 12. bxc3 Bxf3 13. Qxf3 Bd6 14. e4 Re8 15. e5 Bf8 16. Qg4 c5 17. Nf3 cxd4 18. cxd4 Nc7 19. h4 Nd5 20. h5 f5 21. Qg3 Qd7 22. Ng5 Bb4 23. Be3 Rac8 24. Rac1 Nc3 25. Rxc3 Bxc3 26. h6 g6 27. Nf3 Bb4 28. Nh4 Qf7 29. Nf3 Bf8 30. Qh3 b5 31. g4 fxg4 32. Qxg4 Qf5 33. Qxf5 gxf5 34. Kh2 Re7 35. Rg1+ Kf7 36. Bg5 Rec7 37. Be3 Ke7 38. Rg8 f4 39. Bxf4 Bxh6 40. Bg5+ Bxg5 41. Rxg5 Rf8 42. Kg3 Rc3 0-1

[Event "Madrid San Viator op-B 25th"]
[Site "Madrid"]
[Date "2015.10.11"]
[Round "2"]
[White "Diaz del Prado, Carlos"]
[Black "Mateos Cordero, Francisco"]
[Result "0-1"]
[WhiteElo "1279"]
[BlackElo "1627"]
[PlyCount "70"]
[EventDate "2015.10.04"]
[EventType "swiss"]
[EventRounds "9"]
[EventCountry "ESP"]
[SourceTitle "EXT 2019"]
[Source "ChessBase"]
[SourceDate "2018.10.10"]
[SourceVersion "1"]
[SourceVersionDate "2018.10.10"]
[SourceQuality "1"]

1. d4 d5 2. Nf3 Nf6 3. e3 Nbd7 4. Bd3 c5 5. c3 e6 6. Nbd2 Qc7 7. 0-0 cxd4 8. cxd4 Bd6 9. Qc2 Qxc2 10. Bxc2 b6 11. e4 dxe4 12. Nxe4 Be7 13. Bf4 0-0 14. Bd6 Bxd6 15. Nxd6 Ba6 16. Rfd1 Be2 17. Rd2 Bxf3 18. gxf3 Nd5 19. Be4 N7f6 20. Nc4 Rac8 21. Ne3 Rfd8 22. Rc2 Rxc2 23. Bxc2 Rc8 24. Bb3 g6 25. Nxd5 Nxd5 26. Bxd5 exd5 27. b3 Rc2 28. Kf1 Rd2 29. Ke1 Rc2 30. a3 Kg7 31. b4 Kf6 32. Rd1 Rc3 33. Ke2 Rxa3 34. Rd3 Rxd3 35. Kxd3 a6 0-1

[Event "Madrid San Viator op 23rd"]
[Site "Madrid"]
[Date "2014.11.23"]
[Round "9"]
[White "Mateos Cordero, Francisco"]
[Black "Rendo Quindos, Pedro"]
[Result "1/2-1/2"]
[WhiteElo "1611"]
[BlackElo "1657"]
[PlyCount "102"]
[EventDate "2014.09.28"]
[EventType "swiss"]
[EventRounds "9"]
[EventCountry "ESP"]
[SourceTitle "EXT 2016"]
[Source "ChessBase"]
[SourceDate "2015.10.08"]
[SourceVersion "1"]
[SourceVersionDate "2015.10.08"]
[SourceQuality "1"]

1. d4 Nf6 2. c4 g6 3. Nf3 Bg7 4. Nc3 0-0 5. Bf4 d6 6. e3 Nh5 7. Bg5 Nf6 8. Bd3 c5 9. a4 Nc6 10. 0-0 Nb4 11. Bxf6 Bxf6 12. Nd5 Nxd5 13. cxd5 cxd4 14. Nxd4 Bxd4 15. exd4 Qb6 16. h4 h5 17. Be4 Qxb2 18. Qd3 f5 19. Bf3 Qb6 20. Rfe1 Re8 21. Qe3 e5 22. dxe6 Bxe6 23. Qg5 Bf7 24. Bxh5 Kg7 25. d5 Qd4 26. Bf3 Re5 27. Rad1 Rxe1+ 28. Rxe1 Re8 29. Rxe8 Bxe8 30. Qe7+ Bf7 31. h5 Qa1+ 32. Kh2 Qe5+ 33. Qxe5+ dxe5 34. hxg6 Kxg6 35. d6 Be8 36. Bxb7 Kf6 37. Bc8 Bxa4 38. Kg1 f4 39. Kf1 a5 40. Ke1 Bc6 41. g3 f3 42. Kd2 a4 43. g4 a3 44. Kc3 Bd5 45. g5+ Kf7 46. g6+ Ke8 47. g7 a2 48. Kb2 e4 49. Bb7 Bg8 50. Bxe4 Kd7 51. Bxf3 Kxd6 1/2-1/2

[Event "Madrid San Viator op 23rd"]
[Site "Madrid"]
[Date "2014.11.09"]
[Round "7"]
[White "Mateos Cordero, Francisco"]
[Black "Ortiz Alonso, Carlos"]
[Result "1-0"]
[WhiteElo "1611"]
[BlackElo "1349"]
[PlyCount "45"]
[EventDate "2014.09.28"]
[EventType "swiss"]
[EventRounds "9"]
[EventCountry "ESP"]
[SourceTitle "EXT 2016"]
[Source "ChessBase"]
[SourceDate "2015.10.08"]
[SourceVersion "1"]
[SourceVersionDate "2015.10.08"]
[SourceQuality "1"]

1. d4 Nf6 2. c4 e6 3. Nf3 d5 4. Nc3 Be7 5. e3 Nbd7 6. Qc2 0-0 7. cxd5 exd5 8. Bd3 c6 9. 0-0 Re8 10. a4 Bb4 11. Bd2 Bxc3 12. Bxc3 Ne4 13. a5 Ndf6 14. Ne5 Qe7 15. a6 Nd6 16. Bb4 Qc7 17. Rfc1 Nc4 18. Bxc4 dxc4 19. axb7 Bxb7 20. Qxc4 Nd5 21. Qxd5 Rad8 22. Qc5 Rd5 23. Qxd5 1-0

[Event "Madrid San Viator op 23rd"]
[Site "Madrid"]
[Date "2014.10.05"]
[Round "2"]
[White "Mateos Cordero, Francisco"]
[Black "Romero, Martin"]
[Result "1/2-1/2"]
[WhiteElo "1611"]
[BlackElo "1422"]
[PlyCount "120"]
[EventDate "2014.09.28"]
[EventType "swiss"]
[EventRounds "9"]
[EventCountry "ESP"]
[SourceTitle "EXT 2016"]
[Source "ChessBase"]
[SourceDate "2015.10.08"]
[SourceVersion "1"]
[SourceVersionDate "2015.10.08"]
[SourceQuality "1"]

1. d4 Nf6 2. c4 g6 3. Nc3 Bg7 4. Nf3 0-0 5. Bf4 d6 6. h3 Nfd7 7. e3 e5 8. dxe5 dxe5 9. Bg3 Re8 10. Qc2 Nc6 11. Be2 Qe7 12. Nd5 Qd8 13. 0-0 Nf6 14. Bh4 Qd6 15. Bxf6 Bxf6 16. Rad1 e4 17. Nh2 h5 18. c5 Qe5 19. f4 exf3 20. Nxf3 Qxb2 21. Qxb2 Bxb2 22. Nxc7 Rxe3 23. Bc4 Rb8 24. Ng5 Bd4 25. Bxf7+ Kh8 26. Kh1 Bf5 27. Bd5 Rg3 28. Nf7+ Kh7 29. Bxc6 bxc6 30. Rxd4 Rb2 31. Rg1 Bxh3 32. Kh2 Rgxg2+ 33. Rxg2 Bxg2 34. Kg3 Rxa2 35. Ne5 Kh6 36. Rd6 Kg5 37. Nxg6 Be4 38. Ne7 h4+ 39. Kh3 Ra1 40. Ne6+ Kh5 41. Rd2 Rh1+ 42. Rh2 Rxh2+ 43. Kxh2 a5 44. Nd4 Kg4 45. Ndxc6 Kf4 46. Nxa5 Ke5 47. Nb3 Ke6 48. Nc8 Kd7 49. Nb6+ Kc6 50. Nc4 Bc2 51. Nba5+ Kb5 52. Kh3 Be4 53. Kxh4 Ba8 54. Kg5 Bh1 55. Kf6 Bg2 56. Ke7 Ka6 57. Kd6 Kb5 58. Kc7 Bh1 59. Nb7 Bg2 60. Kd6 Bxb7 1/2-1/2

[Event "Madrid San Viator op 22nd"]
[Site "Madrid"]
[Date "2014.04.27"]
[Round "5"]
[White "Aranda Perez, Ivan"]
[Black "Mateos Cordero, Francisco"]
[Result "0-1"]
[WhiteElo "1440"]
[BlackElo "1597"]
[PlyCount "62"]
[EventDate "2014.03.23"]
[EventType "swiss"]
[EventRounds "9"]
[EventCountry "ESP"]
[SourceTitle "EXT 2015"]
[Source "ChessBase"]
[SourceDate "2014.11.20"]
[SourceVersion "1"]
[SourceVersionDate "2014.11.20"]
[SourceQuality "1"]

1. e4 e6 2. d4 d5 3. e5 c5 4. c3 Nc6 5. Nf3 cxd4 6. cxd4 Bb4+ 7. Nc3 Bxc3+ 8. bxc3 Nge7 9. Bd3 Qc7 10. Bd2 Bd7 11. Qc2 h6 12. 0-0 a6 13. a4 Na5 14. Rfb1 Nc4 15. Be1 0-0 16. Nd2 b5 17. axb5 axb5 18. Qc1 Bc6 19. Nb3 Rxa1 20. Rxa1 Ra8 21. Rxa8+ Bxa8 22. Nc5 Qa5 23. Nb3 Qa2 24. Bxc4 dxc4 25. Nc5 Nd5 26. Bd2 Nb6 27. h3 Na4 28. Bxh6 gxh6 29. Qxh6 Qb1+ 30. Kh2 Qg6 31. Qh4 Qxg2# 0-1

[Event "Madrid San Viator op 21st"]
[Site "Madrid"]
[Date "2013.11.10"]
[Round "8"]
[White "San Felipe Gonzalez, Tomas"]
[Black "Mateos Cordero, Francisco"]
[Result "1-0"]
[WhiteElo "1732"]
[BlackElo "1601"]
[PlyCount "147"]
[EventDate "2013.09.29"]
[EventType "swiss"]
[EventRounds "9"]
[EventCountry "ESP"]
[SourceTitle "EXT 2015"]
[Source "ChessBase"]
[SourceDate "2014.11.20"]
[SourceVersion "1"]
[SourceVersionDate "2014.11.20"]
[SourceQuality "1"]

1. d4 d5 2. c4 c6 3. Nf3 Nf6 4. Nbd2 e6 5. g3 Bd6 6. Bg2 Nbd7 7. b3 c5 8. cxd5 exd5 9. Bb2 0-0 10. dxc5 Bxc5 11. 0-0 Re8 12. e3 Qe7 13. Re1 Ba3 14. Bd4 Bc5 15. Nb1 Ne4 16. Qc2 Ndf6 17. Bxc5 Qxc5 18. Qxc5 Nxc5 19. Nc3 a6 20. Red1 Be6 21. Rac1 Rac8 22. Nd4 Nce4 23. Nce2 Rxc1 24. Rxc1 Rc8 25. Rxc8+ Bxc8 26. Nf4 Nc3 27. a3 g5 28. Nd3 Bd7 29. a4 Nfe4 30. Nb4 Be6 31. Nd3 Nd6 32. Nc5 Bc8 33. Kf1 b6 34. Nd3 Nde4 35. Ke1 g4 36. Nf4 Nf6 37. Nc6 Kf8 38. Nb4 Bb7 39. Bf1 b5 40. axb5 Nxb5 41. Be2 Nc7 42. Nfd3 h5 43. Nc5 Bc8 44. Nbxa6 Nxa6 45. Bxa6 Bxa6 46. Nxa6 Nd7 47. Ke2 Ke7 48. f3 f5 49. f4 Kd6 50. Kd3 Nf6 51. Nb4 Kc5 52. Nc2 Ne4 53. Nd4 Nd6 54. Ne6+ Kb4 55. Ng7 Kxb3 56. Nxh5 Ne8 57. Kd4 Kc2 58. Kxd5 Kd3 59. Ke5 Kxe3 60. Kxf5 Kf3 61. Kg5 Nd6 62. Nf6 Nc4 63. Nxg4 Kg2 64. f5 Nd6 65. f6 Kh3 66. Ne5 Kxh2 67. g4 Kg3 68. f7 Ne4+ 69. Kg6 Kf4 70. f8Q+ Kxe5 71. Qf5+ Kd4 72. g5 Nc5 73. Qxc5+ Kxc5 74. Kf7 1-0

[Event "Madrid San Viator op 21st"]
[Site "Madrid"]
[Date "2013.10.06"]
[Round "2"]
[White "Mateos Cordero, Francisco"]
[Black "Jimenez Elices, Jose Maria"]
[Result "1/2-1/2"]
[WhiteElo "1601"]
[BlackElo "1872"]
[PlyCount "103"]
[EventDate "2013.09.29"]
[EventType "swiss"]
[EventRounds "9"]
[EventCountry "ESP"]
[SourceTitle "EXT 2015"]
[Source "ChessBase"]
[SourceDate "2014.11.20"]
[SourceVersion "1"]
[SourceVersionDate "2014.11.20"]
[SourceQuality "1"]

1. d4 d5 2. c4 e6 3. Nf3 Nf6 4. Nc3 Be7 5. e3 b6 6. cxd5 exd5 7. Qc2 Bb7 8. Be2 Nbd7 9. Bd2 0-0 10. 0-0 c5 11. a4 a6 12. Bd3 h6 13. Na2 Rc8 14. Qd1 Ne4 15. Bc3 Ndf6 16. Qe2 Qc7 17. Ne5 c4 18. Bc2 Bd6 19. f4 a5 20. Be1 Nd7 21. Rc1 Bxe5 22. fxe5 f6 23. e6 Nb8 24. Bxe4 dxe4 25. Bg3 Qe7 26. Bxb8 Rxb8 27. Qxc4 Rbc8 28. Qb3 Rxc1 29. Rxc1 Rc8 30. Rxc8+ Bxc8 31. d5 Qd6 32. Qc4 Bb7 33. Nc3 f5 34. Qb3 Kf8 35. Qc4 Ke7 36. Qd4 Kf8 37. g3 Ba8 38. Kf2 Bb7 39. Ke1 Ba8 40. Ke2 Bb7 41. Kd2 Qb4 42. Kc2 Qxd4 43. exd4 Ke7 44. Kb3 g5 45. Kc4 Ba6+ 46. Nb5 Bxb5+ 47. axb5 f4 48. gxf4 gxf4 49. Kc3 a4 50. Kd2 h5 51. h4 f3 52. Ke3 1/2-1/2